| 000 | 00463nam a2200181Ia 4500 | ||
|---|---|---|---|
| 001 | 9547 | ||
| 005 | 20260306161726.0 | ||
| 008 | 260306t2007||||xx |||||||||||||| ||spa|| | ||
| 041 | _aESP | ||
| 082 |
_a379.8503 _bA34 |
||
| 100 |
_aAlaperrine-Bouyer, Monique _eAUT |
||
| 245 | 0 | _aLa educación de las elites indígenas en el Perú colonial | |
| 260 | _c2007 | ||
| 300 |
_a345 páginas : _c24 cm: |
||
| 650 | _aGEN | ||
| 654 | _aCED | ||
| 942 |
_cLIB _dJUS _fJUS _2ddc _n |
||
| 999 |
_c9547 _d9547 |
||